Белый цвет в культуре России и Китая; Молодой ученый; № 11 (91)

Bibliographic Details
Parent link:Молодой ученый: ежемесячный научный журнал.— , 2008-
№ 11 (91).— 2015.— [С. 1822-1825]
Main Author: Матназаров Т. У. Тимур Уткирович
Corporate Author: Национальный исследовательский Томский политехнический университет (ТПУ) Институт международного образования и языковой коммуникации (ИМОЯК)
Other Authors: Кузякова Д, Дарья, Хоречко У. В. Ульяна Викторовна
Summary:Заглавие с экрана
Language:Russian
Published: 2015
Series:Культурология
Subjects:
Online Access:http://www.moluch.ru/archive/91/20087/
Format: Electronic Book Chapter
KOHA link:https://koha.lib.tpu.ru/cgi-bin/koha/opac-detail.pl?biblionumber=642398

MARC

LEADER 00000nla0a2200000 4500
001 642398
005 20250203155416.0
035 |a (RuTPU)RU\TPU\network\7355 
090 |a 642398 
100 |a 20150624d2015 k||y0rusy50 ca 
101 0 |a rus 
102 |a RU 
135 |a drcn ---uucaa 
181 0 |a i  
182 0 |a b 
200 1 |a Белый цвет в культуре России и Китая  |f Т. У. Матназаров, Д, Кузякова, У. В. Хоречко 
203 |a Текст  |c электронный 
225 1 |a Культурология 
300 |a Заглавие с экрана 
320 |a [Библиогр.: с. 1825 (5 назв.)] 
461 |t Молодой ученый  |o ежемесячный научный журнал  |d 2008- 
463 |t № 11 (91)  |v [С. 1822-1825]  |d 2015 
610 1 |a электронный ресурс 
610 1 |a труды учёных ТПУ 
610 1 |a цвета 
610 1 |a сопоставления 
610 1 |a Россия 
610 1 |a Китай 
610 1 |a культура 
700 1 |a Матназаров  |b Т. У.  |g Тимур Уткирович 
701 1 |a Кузякова  |b Д,  |g Дарья 
701 1 |a Хоречко  |b У. В.  |c лингвист  |c доцент Томского политехнического университета, кандидат филологических наук  |f 1982-  |g Ульяна Викторовна  |3 (RuTPU)RU\TPU\pers\32475  |9 16423 
712 0 2 |a Национальный исследовательский Томский политехнический университет (ТПУ)  |b Институт международного образования и языковой коммуникации (ИМОЯК)  |3 (RuTPU)RU\TPU\col\17810 
801 2 |a RU  |b 63413507  |c 20150624  |g RCR 
856 4 0 |u http://www.moluch.ru/archive/91/20087/ 
942 |c CF